Financial Management for the Small Business (Record no. 832608)

MARC details
000 -LEADER
fixed length control field 00354pam a2200145 a 4500
020 ## - INTERNATIONAL STANDARD BOOK NUMBER
Terms of availability
041 ## - LANGUAGE CODE
Language code of original
082 ## - DEWEY DECIMAL CLASSIFICATION NUMBER
Classification number 658.159
100 ## - MAIN ENTRY--PERSONAL NAME
Personal name BARROW (C.)
Relator term author
245 ## - TITLE STATEMENT
Title Financial Management for the Small Business
Medium Textual Document
250 ## - EDITION STATEMENT
Edition statement 4th
260 ## - PUBLICATION, DISTRIBUTION, ETC.
Name of publisher, distributor, etc. Management Development Institute Haryana
Date of publication, distribution, etc. 1998
300 ## - PHYSICAL DESCRIPTION
Extent 178
930 ## - EQUIVALENCE OR CROSS-REFERENCE-UNIFORM TITLE HEADING [LOCAL, CANADA]
Uniform title 3502
Holdings
Withdrawn status Lost status Damaged status Not for loan Collection Home library Current library Date acquired Cost, normal purchase price Total Checkouts Full call number Barcode Date last seen Copy number Price effective from Koha item type
          Institute of Management & Research, New Delhi Institute of Management & Research, New Delhi 09/10/1998 450.00   658.159 IMD-26PB0004908 17/08/2023 1 17/08/2023 Book